| 000 | 00388 a2200145 4500 | ||
|---|---|---|---|
| 020 | _a0007136846 | ||
| 040 |
_aDLC _bDLC |
||
| 082 | _a823.912 | ||
| 100 | _aChristie, Agatha. | ||
| 245 |
_aThe Sittaford Mystery _cChristie, Agatha. |
||
| 260 |
_aLondon: _bHarper Collins Publishers, _c2002. |
||
| 300 |
_a348 p. ; _c19 cm. |
||
| 650 | _aDetective and mystery stories. | ||
| 942 |
_cBK _2ddc |
||
| 999 |
_c481741 _d481741 |
||